[Event "Open Parla 2008"]
[Site "Parla ESP"]
[Date "2008.09.12"]
[Round "7.35"]
[White "Oliver Fernandez, Rafael"]
[Black "Martinez Rubio, Felipe"]
[Result "1-0"]
[WhiteElo "2019"]
[BlackElo "1923"]
[PlyCount "67"]
[EventDate "2008.09.06"]
[EventType "swiss"]
[EventRounds "9"]
[EventCountry "AUT"]
[Source "lmi"]
[SourceDate "2008.09.06"]

1. e4 c5 2. c4 Nc6 3. g3 g6 4. Bg2 Bg7 5. Nc3 e6 6. f4 Nge7 7. Nge2 b6 8. O-O
O-O 9. d3 Bb7 10. Rb1 Rb8 11. a3 Nd4 12. b4 d6 13. b5 Nxe2+ 14. Nxe2 d5 15. Bb2
d4 16. h3 f6 17. Bc1 a6 18. a4 a5 19. Bd2 Qc7 20. Qe1 Rbe8 21. g4 Kh8 22. Qg3
e5 23. fxe5 fxe5 24. Bg5 h6 25. Qh4 Ng8 26. Rxf8 Bxf8 27. Rf1 Kh7 28. Rf3 Kg7
29. Bf6+ Kh7 30. g5 h5 31. Ng3 Nxf6 32. Rxf6 Kg7 33. Nxh5+ gxh5 34. Qxh5 1-0

[Event "Open Parla 2008"]
[Site "Parla ESP"]
[Date "2008.09.12"]
[Round "7.36"]
[White "Andalon Gomez, Carlos Jesus"]
[Black "Sierra Soria, Maria"]
[Result "1-0"]
[WhiteElo "2017"]
[BlackElo "1708"]
[PlyCount "149"]
[EventDate "2008.09.06"]
[EventType "swiss"]
[EventRounds "9"]
[EventCountry "AUT"]
[Source "lmi"]
[SourceDate "2008.09.06"]

1. d4 d5 2. c4 dxc4 3. Nf3 e6 4. e4 c5 5. d5 exd5 6. exd5 Nf6 7. Bxc4 a6 8. O-O
Be7 9. a4 O-O 10. a5 Bd6 11. Bg5 Nbd7 12. Nc3 b6 13. Ne4 Bb8 14. Qc2 b5 15. Bd3
h6 16. Nxf6+ Nxf6 17. Bxf6 Qxf6 18. Qxc5 Bd6 19. Qc2 Bb7 20. Be4 Rac8 21. Qd2
Bf4 22. Qd4 Qxd4 23. Nxd4 Be5 24. Nf5 Rfe8 25. Bf3 Rcd8 26. Rad1 Bxb2 27. d6
Bxf3 28. gxf3 Rd7 29. Rd2 Ba3 30. Rfd1 Red8 31. Ne7+ Kh7 32. Nc6 Re8 33. Rd3
Bc5 34. Rd5 Ba3 35. R1d3 Bb2 36. Nb4 Ra8 37. Rc5 Rad8 38. Rcd5 Ra8 39. f4 Bc1
40. R5d4 Bb2 41. Re4 Bf6 42. Re2 g6 43. Rc2 Bd8 44. Rc6 Bxa5 45. Nxa6 Raa7 46.
Nc5 Rd8 47. d7 Bb4 48. Rc8 Ba5 49. Re3 Raxd7 50. Nxd7 Rxc8 51. Re5 Rc1+ 52. Kg2
Rb1 53. Kf3 Bc3 54. Rc5 b4 55. Ke2 Rb2+ 56. Ke3 Be1 57. Nf6+ Kg7 58. Ne4 b3 59.
Rd5 Rc2 60. Rd1 Bb4 61. Rb1 b2 62. Kd3 Rc1 63. Rxb2 Be7 64. Rb7 Kf8 65. Rb8+
Kg7 66. Rb7 Bf8 67. Nd2 Rh1 68. Nf3 Rf1 69. Ke2 Ra1 70. Ne5 Rh1 71. Nxf7 Rxh2
72. Ne5+ Kg8 73. Ng4 Rh1 74. Nf6+ Kh8 75. Rh7# 1-0

[Event "Open Parla 2008"]
[Site "Parla ESP"]
[Date "2008.09.12"]
[Round "7.37"]
[White "Nieto de la Cruz, Julio"]
[Black "Perez Cameselle, Francisco"]
[Result "0-1"]
[WhiteElo "1888"]
[BlackElo "2017"]
[PlyCount "36"]
[EventDate "2008.09.06"]
[EventType "swiss"]
[EventRounds "9"]
[EventCountry "AUT"]
[Source "lmi"]
[SourceDate "2008.09.06"]

1. d4 Nf6 2. c4 c5 3. d5 b5 4. cxb5 a6 5. bxa6 Bxa6 6. b3 g6 7. Bb2 Bg7 8. e4
Bxf1 9. Kxf1 d6 10. g3 O-O 11. Qc2 Na6 12. a4 e6 13. dxe6 fxe6 14. e5 Ng4 15.
Ke1 Nxf2 16. Nh3 Nxh3 17. Rf1 Qg5 18. Rxf8+ Rxf8 0-1

[Event "Open Parla 2008"]
[Site "Parla ESP"]
[Date "2008.09.12"]
[Round "7.38"]
[White "Cavalle Pulla, Daniel"]
[Black "Castejon Caballero, Andres"]
[Result "1/2-1/2"]
[WhiteElo "1737"]
[BlackElo "1993"]
[PlyCount "50"]
[EventDate "2008.09.06"]
[EventType "swiss"]
[EventRounds "9"]
[EventCountry "AUT"]
[Source "lmi"]
[SourceDate "2008.09.06"]

1. e4 c5 2. Nf3 Nc6 3. Bb5 g6 4. Bxc6 dxc6 5. d3 Bg7 6. h3 e5 7. Be3 b6 8. Qd2
Ne7 9. Bh6 Bf6 10. Bg5 Ng8 11. Bxf6 Qxf6 12. Qc3 Ne7 13. Qxe5 Qxe5 14. Nxe5 f6
15. Nf3 Kf7 16. Nbd2 Be6 17. e5 Bd5 18. O-O-O Bxf3 19. Nxf3 Nd5 20. Rde1 Rhe8
21. Re2 h6 22. g3 Re7 23. Rhe1 Rae8 24. Kd2 a5 25. a3 f5 1/2-1/2

[Event "Open Parla 2008"]
[Site "Parla ESP"]
[Date "2008.09.12"]
[Round "7.39"]
[White "Martinez-Villanueva Pelaez, Guzma"]
[Black "Vazquez Torres, Adrian"]
[Result "0-1"]
[WhiteElo "1827"]
[BlackElo "1981"]
[PlyCount "72"]
[EventDate "2008.09.06"]
[EventType "swiss"]
[EventRounds "9"]
[EventCountry "AUT"]
[Source "lmi"]
[SourceDate "2008.09.06"]

1. e4 c5 2. Nf3 e6 3. d3 d5 4. Nbd2 Nf6 5. g3 Nc6 6. Bg2 Be7 7. O-O Qc7 8. Re1
b6 9. c3 Bb7 10. e5 Nd7 11. d4 O-O-O 12. Nf1 h6 13. Ne3 g5 14. a3 Rdg8 15. Qd3
h5 16. b4 c4 17. Qe2 g4 18. Nd2 Qd8 19. a4 Qf8 20. Ndxc4 h4 21. b5 Nd8 22. Nd2
hxg3 23. hxg3 f5 24. exf6 Nxf6 25. a5 Rh5 26. Ndf1 Ne4 27. Bxe4 dxe4 28. Nxg4
Rxg4 29. Be3 Qf5 30. axb6 axb6 31. Nh2 Rg8 32. Qc4+ Kb8 33. Ra2 Bd6 34. Rea1
Bxg3 35. fxg3 Rxg3+ 36. Kh1 Qf3+ 0-1

[Event "Open Parla 2008"]
[Site "Parla ESP"]
[Date "2008.09.12"]
[Round "7.42"]
[White "Sanchez Garcia, Manuel"]
[Black "Ruiz Quevedo, Andres"]
[Result "0-1"]
[WhiteElo "2062"]
[BlackElo "1900"]
[PlyCount "130"]
[EventDate "2008.09.06"]
[EventType "swiss"]
[EventRounds "9"]
[EventCountry "AUT"]
[Source "lmi"]
[SourceDate "2008.09.06"]

1. e4 e5 2. Nf3 Nf6 3. Nc3 d6 4. d4 Nbd7 5. Bc4 Be7 6. O-O O-O 7. Qe2 c6 8. Bb3
a6 9. Rd1 Qc7 10. Bg5 b5 11. Rac1 Re8 12. a3 Bb7 13. Be3 Bf8 14. Ng5 Re7 15. f3
exd4 16. Bxd4 Rae8 17. Qd2 Ne5 18. Bf2 Rd7 19. Nh3 Nc4 20. Bxc4 bxc4 21. Na4 d5
22. e5 Qxe5 23. Re1 Qb8 24. Bd4 Rxe1+ 25. Rxe1 Ne8 26. Qg5 Qd8 27. Qg3 Re7 28.
Rb1 Qa5 29. Nc5 Bc8 30. b3 Qd2 31. c3 Bf5 32. Ra1 cxb3 33. Nxb3 Qb2 34. Qb8 Bc2
35. c4 Qxb3 36. Qxb3 Bxb3 37. cxd5 Bxd5 38. Rb1 Nc7 39. Bf2 Re8 40. Rb7 Nb5 41.
a4 Nc3 42. a5 Ne2+ 43. Kh1 Bc4 44. g3 Bb5 45. Ng5 f6 46. Ne4 h6 47. Kg2 c5 48.
Nxc5 Nc3 49. Bd4 Nd5 50. Ra7 Nb4 51. Rb7 Nc6 52. Bg1 Nxa5 53. Rb6 Nc4 54. Rb7
Ne5 55. Rb6 Ra8 56. f4 Nd7 57. Nxd7 Bxd7 58. Kf1 a5 59. Rb7 Be6 60. Ra7 Rxa7
61. Bxa7 a4 62. Ke1 a3 63. Kd1 a2 64. Bd4 Bc5 65. Bc3 Bg1 0-1

[Event "Open Parla 2008"]
[Site "Parla ESP"]
[Date "2008.09.12"]
[Round "7.43"]
[White "Sanchez-Alarcos Galian, Victor"]
[Black "Gonzalo Gonzalez, Francisco"]
[Result "1-0"]
[WhiteElo "2026"]
[BlackElo "1858"]
[PlyCount "107"]
[EventDate "2008.09.06"]
[EventType "swiss"]
[EventRounds "9"]
[EventCountry "AUT"]
[Source "lmi"]
[SourceDate "2008.09.06"]

1. d4 e5 2. dxe5 Nc6 3. Nf3 Qe7 4. Nc3 Nxe5 5. Nd5 Nxf3+ 6. gxf3 Qd8 7. Bf4 d6
8. Qd4 Be6 9. O-O-O Nf6 10. e4 Nh5 11. Be3 Qd7 12. Rg1 c5 13. Qc3 O-O-O 14. Qa5
Bxd5 15. Rxd5 Nf6 16. Rd2 b6 17. Qa6+ Qb7 18. Qxb7+ Kxb7 19. Bc4 Rd7 20. Bb5
Rc7 21. Bf4 a6 22. Bc4 b5 23. Bd5+ Kb6 24. Rgd1 g6 25. e5 Nxd5 26. Rxd5 h5 27.
exd6 Rd7 28. Be3 Bh6 29. f4 Rc8 30. b4 Kb7 31. Rxc5 Rxc5 32. bxc5 Kc6 33. Kb2
Bg7+ 34. Kb3 a5 35. Rd3 Bf6 36. a4 b4 37. Kc4 Bd8 38. Bd4 Bh4 39. Rh3 Bd8 40.
Re3 Bh4 41. Re8 Bd8 42. h3 Bh4 43. Ra8 Bd8 44. Ra6+ Kb7 45. Kb5 Kb8 46. c6 Rxd6
47. Be5 Bc7 48. Bxd6 Bxd6 49. Rb6+ Kc8 50. Rb7 Bc7 51. Rxc7+ Kxc7 52. Kxa5 Kxc6
53. Kxb4 h4 54. a5 1-0

[Event "Open Parla 2008"]
[Site "Parla ESP"]
[Date "2008.09.12"]
[Round "7.44"]
[White "Caceres Rodriguez, Jose Joaquin"]
[Black "Corregidor Serrano, Julian"]
[Result "0-1"]
[WhiteElo "2020"]
[BlackElo "1784"]
[PlyCount "102"]
[EventDate "2008.09.06"]
[EventType "swiss"]
[EventRounds "9"]
[EventCountry "AUT"]
[Source "lmi"]
[SourceDate "2008.09.06"]

1. Nf3 d5 2. d4 Nf6 3. c4 e6 4. g3 Nbd7 5. Qc2 Be7 6. Bg2 c5 7. O-O O-O 8. Rd1
cxd4 9. Nxd4 Qc7 10. cxd5 Qxc2 11. Nxc2 exd5 12. Nc3 Nb6 13. a4 a5 14. b3 Be6
15. Nd4 Rac8 16. Bb2 Bb4 17. Rac1 Nfd7 18. Na2 Be7 19. Rxc8 Rxc8 20. Rc1 Rxc1+
21. Nxc1 Bf6 22. Nd3 Nc8 23. Nxe6 fxe6 24. Bh3 Kf7 25. Ba3 Ne7 26. Nf4 Nf8 27.
Bg2 Be5 28. Nd3 Bc7 29. Nf4 Nd7 30. Bh3 Nf8 31. Bg2 g5 32. Nd3 Nd7 33. Nc5 Nxc5
34. Bxc5 b6 35. Be3 Kg6 36. g4 Nc6 37. Bc1 Nd4 38. Bb2 Nxb3 39. e4 d4 40. e5
Bxe5 41. Be4+ Kf6 42. Bxh7 Nc5 43. f4 gxf4 44. Bc2 d3 45. Bxe5+ Kxe5 46. Bd1
Kf6 47. h4 e5 48. Kf1 e4 49. Ke1 e3 50. g5+ Kg6 51. Bg4 Ne4 0-1

[Event "Open Parla 2008"]
[Site "Parla ESP"]
[Date "2008.09.12"]
[Round "7.45"]
[White "Burlacu, Laurentiu"]
[Black "Perez Alvarez, Javier"]
[Result "1-0"]
[WhiteElo "2009"]
[BlackElo "1727"]
[PlyCount "71"]
[EventDate "2008.09.06"]
[EventType "swiss"]
[EventRounds "9"]
[EventCountry "AUT"]
[Source "lmi"]
[SourceDate "2008.09.06"]

1. e4 e6 2. d4 d5 3. e5 c5 4. c3 Nc6 5. Nf3 Qb6 6. Bd3 cxd4 7. cxd4 Bd7 8. Bc2
Nb4 9. Nc3 Nxc2+ 10. Qxc2 Ne7 11. O-O Nf5 12. Qd3 Be7 13. a4 a5 14. Bd2 Rc8 15.
Nb5 Bxb5 16. Qxb5+ Qxb5 17. axb5 b6 18. Rfc1 Kd7 19. Kf1 Rc7 20. Rxc7+ Kxc7 21.
g4 Nh4 22. Nxh4 Bxh4 23. b4 a4 24. Rxa4 Kb7 25. Ra3 Be7 26. g5 f5 27. exf6 gxf6
28. Re3 e5 29. gxf6 Bxf6 30. dxe5 Bg5 31. Rd3 Bxd2 32. Rxd2 Rd8 33. Rd4 Rd7 34.
f4 Kc7 35. Kf2 Kd8 36. Kf3 1-0

[Event "Open Parla 2008"]
[Site "Parla ESP"]
[Date "2008.09.12"]
[Round "7.46"]
[White "Sierra Bermejo, Gregorio"]
[Black "Lopez Heras, Arturo"]
[Result "0-1"]
[WhiteElo "1808"]
[BlackElo "1997"]
[PlyCount "46"]
[EventDate "2008.09.06"]
[EventType "swiss"]
[EventRounds "9"]
[EventCountry "AUT"]
[Source "lmi"]
[SourceDate "2008.09.06"]

1. c4 e5 2. Nc3 Nc6 3. Nf3 Bc5 4. e3 d6 5. d4 exd4 6. exd4 Bb6 7. Be3 Nf6 8.
Be2 O-O 9. O-O Bf5 10. a3 a5 11. Bd3 Bg4 12. c5 dxc5 13. dxc5 Bxf3 14. Bxh7+
Nxh7 15. Qxf3 Ba7 16. Qg3 Rc8 17. Rfd1 Qf6 18. Rd7 Rfd8 19. Rxd8+ Qxd8 20. Rd1
Qf6 21. Qh3 Rd8 22. Rd7 Nf8 23. Nd5 Qxb2 0-1

[Event "Open Parla 2008"]
[Site "Parla ESP"]
[Date "2008.09.12"]
[Round "7.49"]
[White "Lopez Garralon, Miguel"]
[Black "Tolosana Esteban, Enrique"]
[Result "0-1"]
[WhiteElo "1693"]
[BlackElo "1954"]
[PlyCount "104"]
[EventDate "2008.09.06"]
[EventType "swiss"]
[EventRounds "9"]
[EventCountry "AUT"]
[Source "lmi"]
[SourceDate "2008.09.06"]

1. e4 c5 2. Nf3 e6 3. d3 a6 4. Nbd2 g6 5. g3 b5 6. Bg2 Bb7 7. O-O Bg7 8. c3 Ne7
9. Re1 O-O 10. h4 d5 11. e5 d4 12. Qe2 Nbc6 13. Ne4 Nxe5 14. Nxe5 Bxe5 15. Nxc5
Bxg2 16. Qxe5 Nc6 17. Qe2 Bh3 18. Ne4 f6 19. Kh2 Bf5 20. Bh6 Rf7 21. Rad1 Ne5
22. f3 dxc3 23. bxc3 Rc8 24. g4 Bxe4 25. dxe4 Rd7 26. Rxd7 Qxd7 27. Rd1 Qc7 28.
Kg2 Rd8 29. Rxd8+ Qxd8 30. Qd2 Qxd2+ 31. Bxd2 f5 32. exf5 gxf5 33. g5 Kf7 34.
f4 Nc4 35. Bc1 Kg6 36. Kf3 Kh5 37. Kg3 a5 38. Kh3 a4 39. Kg3 Nd6 40. Bb2 Ne4+
41. Kh3 a3 42. Bxa3 Nxc3 43. Kg3 Nxa2 44. Be7 b4 45. Kf3 b3 46. Bf6 Nb4 47. Bd4
Nd3 48. Ke3 b2 49. Bxb2 Nxb2 50. Kd4 Kxh4 51. Ke5 Nd3+ 52. Kxe6 Kg4 0-1

[Event "Open Parla 2008"]
[Site "Parla ESP"]
[Date "2008.09.12"]
[Round "7.50"]
[White "Fernandez Fernandez, Jose Antonio"]
[Black "Martinez Miura, Enrique"]
[Result "1-0"]
[WhiteElo "1897"]
[BlackElo "1778"]
[PlyCount "63"]
[EventDate "2008.09.06"]
[EventType "swiss"]
[EventRounds "9"]
[EventCountry "AUT"]
[Source "lmi"]
[SourceDate "2008.09.06"]

1. e4 e6 2. d4 d5 3. e5 c5 4. Nf3 Nc6 5. Bd3 cxd4 6. O-O Bd7 7. Nbd2 Bc5 8. Nb3
Bb6 9. Re1 a5 10. a4 Qc7 11. Ng5 g6 12. Qe2 h6 13. Nh3 Nb4 14. Bf4 Nxd3 15.
Qxd3 Qc4 16. Qxc4 dxc4 17. Nd2 g5 18. Bg3 Rc8 19. Ne4 Bc5 20. Red1 d3 21. cxd3
cxd3 22. Rxd3 Be7 23. b3 f5 24. exf6 Nxf6 25. Nd6+ Bxd6 26. Bxd6 Nd5 27. Re1
Kf7 28. f4 g4 29. Nf2 h5 30. Ne4 Rc2 31. Ng5+ Kf6 32. Be5+ 1-0

[Event "Open Parla 2008"]
[Site "Parla ESP"]
[Date "2008.09.12"]
[Round "7.51"]
[White "Madurga Lopez, Ignacio"]
[Black "Tsebrovskyy, Roman"]
[Result "1/2-1/2"]
[WhiteElo "1666"]
[BlackElo "1863"]
[PlyCount "49"]
[EventDate "2008.09.06"]
[EventType "swiss"]
[EventRounds "9"]
[EventCountry "AUT"]
[Source "lmi"]
[SourceDate "2008.09.06"]

1. e4 d5 2. exd5 Qxd5 3. Nc3 Qa5 4. g3 e5 5. Bg2 Nf6 6. Nge2 c5 7. O-O Nc6 8.
f4 Bd6 9. d3 Bd7 10. fxe5 Bxe5 11. Bf4 O-O 12. Bxe5 Nxe5 13. Qd2 Qb6 14. Ne4
Nxe4 15. Bxe4 Bc6 16. Bxc6 Qxc6 17. Qf4 Ng6 18. Qf3 Ne5 19. Qxc6 Nxc6 20. Kf2
Nb4 21. a3 Nxc2 22. Rac1 Nd4 23. Rxc5 Ne6 24. Rc3 Rfc8 25. Rfc1 1/2-1/2

[Event "Open Parla 2008"]
[Site "Parla ESP"]
[Date "2008.09.12"]
[Round "7.53"]
[White "Rios Barba, Faustino"]
[Black "Alcala Cuesta, Miguel"]
[Result "1-0"]
[WhiteElo "1559"]
[BlackElo "1849"]
[PlyCount "63"]
[EventDate "2008.09.06"]
[EventType "swiss"]
[EventRounds "9"]
[EventCountry "AUT"]
[Source "lmi"]
[SourceDate "2008.09.06"]

1. d4 d5 2. c4 c6 3. Nc3 Nf6 4. Qc2 e6 5. Bg5 h6 6. Bh4 dxc4 7. e3 b5 8. a4 Bb4
9. axb5 cxb5 10. Bxf6 gxf6 11. Nf3 Bb7 12. Be2 Rg8 13. O-O Bxc3 14. bxc3 Qd5
15. Kh1 Nd7 16. Rg1 Ke7 17. Ne1 Qg5 18. Bf3 Bd5 19. e4 Bb7 20. g3 h5 21. Bg2 h4
22. Nf3 Qh5 23. Nxh4 e5 24. Nf5+ Kd8 25. Nd6 Kc7 26. Nxb5+ Kb8 27. Nd6 Nb6 28.
Rgb1 Kc7 29. Nxb7 Kxb7 30. Qa4 Kc7 31. Qb5 Qg4 32. Rxa7+ 1-0

[Event "Open Parla 2008"]
[Site "Parla ESP"]
[Date "2008.09.13"]
[Round "8.1"]
[White "Fier, Alexandr"]
[Black "Ortiz Suarez, Isam"]
[Result "1-0"]
[WhiteElo "2558"]
[BlackElo "2392"]
[PlyCount "69"]
[EventDate "2008.09.06"]
[EventType "swiss"]
[EventRounds "9"]
[EventCountry "AUT"]
[Source "lmi"]
[SourceDate "2008.09.06"]

1. e4 c5 2. Nf3 d6 3. d4 cxd4 4. Nxd4 Nf6 5. Nc3 a6 6. Bg5 e6 7. f4 Be7 8. Qf3
Qc7 9. O-O-O Bd7 10. f5 Nc6 11. Nxc6 bxc6 12. Kb1 Rb8 13. g4 h6 14. Bc1 Qa5 15.
Rg1 d5 16. b3 Rd8 17. h4 Bc8 18. exd5 Nxd5 19. Nxd5 exd5 20. g5 hxg5 21. hxg5
Bc5 22. Be3 Kf8 23. f6 g6 24. Rh1 Rxh1 25. Qxh1 Ke8 26. Bxc5 Qxc5 27. Bh3 Bxh3
28. Qxh3 Qf2 29. Qh7 Qe2 30. Qg8+ Kd7 31. Qxf7+ Kd6 32. Rh1 Qe4 33. Rh7 d4 34.
Qc7+ Kc5 35. Qa5+ 1-0

[Event "Open Parla 2008"]
[Site "Parla ESP"]
[Date "2008.09.13"]
[Round "8.2"]
[White "Epishin, Vladimir"]
[Black "Di Berardino, Diego Rafael"]
[Result "1-0"]
[WhiteElo "2574"]
[BlackElo "2471"]
[PlyCount "45"]
[EventDate "2008.09.06"]
[EventType "swiss"]
[EventRounds "9"]
[EventCountry "AUT"]
[Source "lmi"]
[SourceDate "2008.09.06"]

1. d4 d5 2. c4 c6 3. Nf3 Nf6 4. Qb3 dxc4 5. Qxc4 Bf5 6. g3 e6 7. Bg2 Nbd7 8.
O-O Be7 9. Bd2 O-O 10. Rd1 Bd6 11. Qc1 Rc8 12. Nc3 e5 13. dxe5 Nxe5 14. Bf4
Nxf3+ 15. Bxf3 Bxf4 16. Qxf4 Bd7 17. e4 Qe7 18. e5 Ne8 19. Qd4 Rc7 20. Bg2 b6
21. Rac1 Be6 22. Qe3 Bc8 23. Bxc6 1-0

[Event "Open Parla 2008"]
[Site "Parla ESP"]
[Date "2008.09.13"]
[Round "8.3"]
[White "Roa Alonso, Santiago"]
[Black "Vazquez Igarza, Renier"]
[Result "0-1"]
[WhiteElo "2465"]
[BlackElo "2540"]
[PlyCount "142"]
[EventDate "2008.09.06"]
[EventType "swiss"]
[EventRounds "9"]
[EventCountry "AUT"]
[Source "lmi"]
[SourceDate "2008.09.06"]

1. e4 e5 2. Nf3 Nf6 3. Nxe5 d6 4. Nf3 Nxe4 5. d4 d5 6. Bd3 Nc6 7. O-O Be7 8. c4
Nb4 9. cxd5 Nxd3 10. Qxd3 Qxd5 11. Re1 Bf5 12. Nc3 Nxc3 13. Qxc3 Be6 14. Ng5
Bd6 15. Qh3 Kd7 16. Nxe6 fxe6 17. Qg4 Rhg8 18. Bf4 Qf5 19. Qxf5 exf5 20. Be5
Rae8 21. Rac1 g5 22. Re3 Re6 23. Bxd6 Rxd6 24. Re5 Rxd4 25. Rxf5 Ke6 26. Rb5 b6
27. h3 c5 28. Re1+ Kd7 29. Rb3 Re8 30. Rxe8 Rd1+ 31. Kh2 Kxe8 32. Kg3 Rd2 33.
a4 Kd7 34. Kf3 Kc6 35. Ke3 Rc2 36. g3 Rc4 37. a5 bxa5 38. Rb8 Rb4 39. Rc8+ Kd5
40. Rd8+ Kc4 41. Rd2 Kb3 42. f4 gxf4+ 43. gxf4 a4 44. f5 c4 45. f6 Rb8 46. f7
c3 47. bxc3 a3 48. Rd7 a2 49. Rxa7 Kb2 50. f8=Q Rxf8 51. Rb7+ Kc1 52. Ra7 Kb1
53. Rb7+ Ka1 54. Kd2 Rf2+ 55. Kc1 Rf3 56. Kc2 Rxh3 57. Re7 Rh2+ 58. Kb3 Rb2+
59. Ka3 Kb1 60. Re1+ Kc2 61. Rh1 Rb7 62. Rh2+ Kxc3 63. Kxa2 Kd4 64. Ka3 Ke5 65.
Ka4 Kf5 66. Ka5 Kg4 67. Ka6 Rd7 68. Kb6 h5 69. Kc6 Rd1 70. Kc5 h4 71. Kc4 h3
0-1

[Event "Open Parla 2008"]
[Site "Parla ESP"]
[Date "2008.09.13"]
[Round "8.5"]
[White "Herraiz Hidalgo, Herminio"]
[Black "Lopez-Andujar Ocana, Antonio"]
[Result "1-0"]
[WhiteElo "2507"]
[BlackElo "2138"]
[PlyCount "53"]
[EventDate "2008.09.06"]
[EventType "swiss"]
[EventRounds "9"]
[EventCountry "AUT"]
[Source "lmi"]
[SourceDate "2008.09.06"]

1. d4 Nf6 2. c4 e6 3. Nc3 Bb4 4. Qc2 d5 5. cxd5 exd5 6. Bg5 h6 7. Bh4 c5 8.
dxc5 g5 9. Bg3 Ne4 10. e3 Qa5 11. Nge2 Bf5 12. Bxb8 Rxb8 13. Nd4 Nxc3 14. Qxf5
Ne4+ 15. Kd1 O-O 16. Bd3 Bxc5 17. Nb3 Qa4 18. Ke2 Be7 19. f3 Nf6 20. h4 Qd7 21.
Nd4 Rfe8 22. Bb5 Qxf5 23. Nxf5 Bf8 24. Bxe8 Rxe8 25. hxg5 hxg5 26. Rac1 b6 27.
Rc6 1-0

[Event "Open Parla 2008"]
[Site "Parla ESP"]
[Date "2008.09.13"]
[Round "8.6"]
[White "Mekhitarian, Krikor Sevag"]
[Black "Sanchez Gonzalez, Sergio"]
[Result "1-0"]
[WhiteElo "2504"]
[BlackElo "2228"]
[PlyCount "63"]
[EventDate "2008.09.06"]
[EventType "swiss"]
[EventRounds "9"]
[EventCountry "AUT"]
[Source "lmi"]
[SourceDate "2008.09.06"]

1. e4 c5 2. Nf3 d6 3. d4 Nf6 4. Nc3 cxd4 5. Nxd4 e6 6. g4 h6 7. h3 Nc6 8. Be3
a6 9. Bg2 Qc7 10. Qe2 Rb8 11. f4 Nxd4 12. Bxd4 e5 13. Ba7 Ra8 14. Be3 b5 15.
O-O-O Bb7 16. Nd5 Nxd5 17. exd5 Be7 18. fxe5 dxe5 19. d6 Bxd6 20. Rxd6 Qxd6 21.
Bxb7 Rb8 22. Rd1 Qf6 23. Rf1 Qe6 24. Qf3 O-O 25. Bd5 Qe7 26. Qf5 Rbd8 27. Be4
g6 28. Qf3 Kh7 29. h4 Qe6 30. b3 Kg7 31. g5 h5 32. Qf6+ 1-0

[Event "Open Parla 2008"]
[Site "Parla ESP"]
[Date "2008.09.13"]
[Round "8.7"]
[White "Ruiz Saiz, Agustin"]
[Black "Almagro Llanas, Pablo"]
[Result "0-1"]
[WhiteElo "2274"]
[BlackElo "2492"]
[PlyCount "92"]
[EventDate "2008.09.06"]
[EventType "swiss"]
[EventRounds "9"]
[EventCountry "AUT"]
[Source "lmi"]
[SourceDate "2008.09.06"]

1. Nf3 d5 2. g3 Nc6 3. Bg2 e5 4. d3 Bd6 5. e4 Nf6 6. Nbd2 Bg4 7. c3 Qd7 8. h3
Bh5 9. a4 O-O 10. O-O Rfe8 11. Re1 a6 12. a5 Bf8 13. Qb3 Rab8 14. exd5 Nxd5 15.
Nc4 Bxf3 16. Bxf3 Nf6 17. Bg2 Qxd3 18. Rd1 Qg6 19. Qa4 Na7 20. g4 Nb5 21. Be3
h6 22. Nd2 c6 23. c4 Nd4 24. Bxd4 exd4 25. Nf3 d3 26. Qb3 Ne4 27. Qxd3 Bc5 28.
Rf1 Qf6 29. Qb3 Nxf2 30. Rxf2 Re2 31. Raf1 Rbe8 32. Qxb7 Rxf2 33. Rxf2 Re2 34.
Qb8+ Kh7 35. b4 Bxf2+ 36. Kf1 Ra2 37. Qe5 Qd8 38. Qe4+ Kh8 39. Qb1 Bg3 40. Kg1
Re2 41. Bf1 Rf2 42. Bg2 Qf6 43. Qd1 Ra2 44. Bf1 Qf4 45. Qd3 g6 46. Qb3 Rf2 0-1

[Event "Open Parla 2008"]
[Site "Parla ESP"]
[Date "2008.09.13"]
[Round "8.9"]
[White "Penalosa Pinilla, Jesus"]
[Black "Arribas Lopez, Angel"]
[Result "0-1"]
[WhiteElo "2224"]
[BlackElo "2332"]
[PlyCount "76"]
[EventDate "2008.09.06"]
[EventType "swiss"]
[EventRounds "9"]
[EventCountry "AUT"]
[Source "lmi"]
[SourceDate "2008.09.06"]

1. e4 c5 2. Nf3 d6 3. d4 cxd4 4. Nxd4 Nf6 5. Nc3 g6 6. Be2 Bg7 7. O-O O-O 8.
Nb3 Be6 9. Re1 Nbd7 10. Bf1 Nb6 11. Nd4 Bc4 12. Bxc4 Nxc4 13. b3 Qa5 14. Qd3
Ne5 15. Qd2 Rfc8 16. Bb2 Nc6 17. Nf3 Ne5 18. Nd4 Nc6 19. Nf3 Ng4 20. Rad1 Kf8
21. a3 Nce5 22. Nd4 Nc6 23. Nxc6 bxc6 24. h3 Ne5 25. f4 Nc4 26. bxc4 Qb6+ 27.
Kh1 Qxb2 28. e5 dxe5 29. fxe5 Kg8 30. a4 Qb4 31. Qd3 Qa5 32. Qe3 Rd8 33. Rb1
Rab8 34. Rb3 Rb4 35. c5 Rc4 36. e6 f5 37. Rd1 Rxd1+ 38. Nxd1 Re4 0-1

[Event "Open Parla 2008"]
[Site "Parla ESP"]
[Date "2008.09.13"]
[Round "8.10"]
[White "Vera Gonzalez-Quevedo, Reynaldo"]
[Black "Anton Veiga, Juan Carlos"]
[Result "1/2-1/2"]
[WhiteElo "2493"]
[BlackElo "2153"]
[PlyCount "64"]
[EventDate "2008.09.06"]
[EventType "swiss"]
[EventRounds "9"]
[EventCountry "AUT"]
[Source "lmi"]
[SourceDate "2008.09.06"]

1. d4 Nf6 2. c4 e6 3. Nc3 Bb4 4. e3 O-O 5. a3 Bxc3+ 6. bxc3 b6 7. Bd3 c5 8. Ne2
Bb7 9. f3 d6 10. e4 Nc6 11. Bg5 h6 12. Bh4 e5 13. d5 Na5 14. Qc2 Ba6 15. Qa2 g6
16. g4 Kg7 17. a4 Qd7 18. Rg1 Rh8 19. Bg3 Rae8 20. h4 h5 21. g5 Nh7 22. O-O-O
Re7 23. Bf2 Rb8 24. Ng3 Kh8 25. Nf1 Qe8 26. Ne3 Bc8 27. Bg3 Bd7 28. Bc2 Nf8 29.
Kd2 Qc8 30. Ra1 Kh7 31. Qb1 Qe8 32. Qf1 Rd8 1/2-1/2

[Event "Open Parla 2008"]
[Site "Parla ESP"]
[Date "2008.09.13"]
[Round "8.12"]
[White "Cabrera Trujillo, Jorge"]
[Black "Ivanovitch Balsinde, Nicolas"]
[Result "1/2-1/2"]
[WhiteElo "2423"]
[BlackElo "2149"]
[PlyCount "60"]
[EventDate "2008.09.06"]
[EventType "swiss"]
[EventRounds "9"]
[EventCountry "AUT"]
[Source "lmi"]
[SourceDate "2008.09.06"]

1. e4 e5 2. Nf3 Nc6 3. Bb5 a6 4. Ba4 Nf6 5. O-O Bc5 6. c3 b5 7. Bb3 d6 8. a4
Bg4 9. h3 Bxf3 10. Qxf3 Na5 11. Bc2 b4 12. Qd1 O-O 13. d4 exd4 14. cxd4 Bb6 15.
d5 Re8 16. Nd2 Qd7 17. b3 Bd4 18. Rb1 Bc3 19. f3 c6 20. Nc4 cxd5 21. exd5 Qc7
22. Bd3 Nxc4 23. bxc4 Re7 24. Kh2 Rae8 25. Bg5 Qc5 26. Qc2 h6 27. Bh4 a5 28.
Rbd1 Bd4 29. f4 Qb6 30. Qb3 Re3 1/2-1/2

[Event "Open Parla 2008"]
[Site "Parla ESP"]
[Date "2008.09.13"]
[Round "8.13"]
[White "Lozano Cortijo, Mariano"]
[Black "Martinez Martin, David"]
[Result "1/2-1/2"]
[WhiteElo "2156"]
[BlackElo "2415"]
[PlyCount "59"]
[EventDate "2008.09.06"]
[EventType "swiss"]
[EventRounds "9"]
[EventCountry "AUT"]
[Source "lmi"]
[SourceDate "2008.09.06"]

1. e4 c5 2. Nf3 d6 3. c3 Nf6 4. d3 g6 5. g3 Bg7 6. Bg2 O-O 7. O-O Nc6 8. Re1
Bg4 9. Nbd2 Qd7 10. a4 e5 11. Nc4 Rfe8 12. Ne3 Bh3 13. Bh1 h6 14. Nd2 Be6 15.
c4 Nh7 16. Nb1 f5 17. exf5 gxf5 18. Bd5 f4 19. Bxe6+ Rxe6 20. Nd5 Rg6 21. Nbc3
Nd4 22. Bxf4 exf4 23. Ne7+ Kf7 24. Nxg6 Kxg6 25. Nd5 Ng5 26. Re7 Nh3+ 27. Kg2
Qc8 28. Rc7 Qe6 29. Re7 Qc8 30. Rc7 1/2-1/2